000 00946nmc a2200325 a 4500
003 AR-BaBNM
005 20251128204519.0
008 077019s1985 ||||||||||||||000 | spa||
020 _a950-643-004-7
040 _cAR-BaBNM
100 1 _aRicci Della Grisa, Graciela N.
245 1 0 _aRealismo mágico y conciencia mítica en América Latina
_btextos y contextos
260 _aBuenos Aires
_bFernando García Cambeiro
_c1985
300 0 _a219 p.
490 0 _aEstudios latinoamericanos
_vv. 30
504 _aBibliografía en p. 212-219
600 1 4 _aLugones, Leopoldo
600 1 4 _aGranata, María
600 1 4 _aGarcía Marquez, Gabriel
650 4 _aLITERATURA LATINOAMERICANA
650 4 _aCRITICA LITERARIA
650 4 _aMITOLOGIA
653 0 _aREALISMO MAGICO
653 _aESTUDIOS LITERARIOS
653 0 _aSIMBOLISMO
655 _aLITERATURA
800 1 _aMaturo, Graciela
_edirector
942 _cBK
998 _cMARTIN
999 _c7731
_d7731